Phương pháp dạy học giáo dục học T.2

Tổng kết kinh nghiệm dạy học của giáo viên các trường sư phạm và của khoa tâm lý giáo dục Trường đại học sư phạm Hà Nội I

Kaydedildi:
Detaylı Bibliyografya
Yazar: Nguyễn Như An
Materyal Türü: Kitap
Dil:Vietnamese
Baskı/Yayın Bilgisi: H. Đại học quốc gia 1996
Edisyon:In lần 2, có sửa chữa và bổ sung
Konular:
Etiketler: Etiketle
Etiket eklenmemiş, İlk siz ekleyin!
Thư viện lưu trữ: Mạng thư viện Đại học Đà Nẵng
LEADER 01360nam a2200349 4500
001 000006410
003 2565
005 20110914140923.0
008 110909s1996 viesd
041 0 |a vie 
082 |a 370.7  |b NG-A 
100 0 |a Nguyễn Như An 
245 1 0 |a Phương pháp dạy học giáo dục học  |c Nguyễn Như An  |n T.2 
250 |a In lần 2, có sửa chữa và bổ sung 
260 |a H.  |b Đại học quốc gia  |c 1996 
300 |a 262 tr.  |c 21cm. 
500 |a ĐTTS ghi: Trường đại học sư phạm 
520 |a Tổng kết kinh nghiệm dạy học của giáo viên các trường sư phạm và của khoa tâm lý giáo dục Trường đại học sư phạm Hà Nội I 
653 |a Giáo dục học 
653 |a Giáo trình 
773 |t Phương pháp dạy học giáo dục học  |w 2563 
910 |a Huỳnh Thị Cẩm Lai  |d 09/09/2011 
OWN |a LSP 
AVA |a UDN50  |b LSP  |d 370.7 NG-A  |e available  |t Error 5001 Not defined in file expand_doc_bib_avail.  |f 5  |g 2  |h N  |i 0  |k 1 
999 |a From the UDN01 
AVA |a UDN50  |b LSP  |d 370.7 NG-A  |e available  |t Error 5001 Not defined in file expand_doc_bib_avail.  |f 5  |g 2  |h N  |i 0  |k 1 
TYP |a Monograph 
TYP |a Printed language 
980 |a Mạng thư viện Đại học Đà Nẵng